000 00668nam a2200241Ia 4500
003 OSt
005 20220918181158.0
006 a|||||r|||| 00| 0
007 ta
008 220917b |||||||| |||| 00| 0 eng d
024 _a25,775
037 _cTextual
040 _aARTS
_cARTS
_beng
041 _2eng
_aeng
082 _aO111,1L88:g, M8
100 _aCoote Stephen
_956796
245 0 _aByron
_b the making of a myth Stephen Coote
260 _aLondon
_bBodley head
_c1988
300 _a192p.
_ccm.
500 _aAcknowledgement and Bibliography 192p
942 _hO111,1L88:g, M8
_cTEXL
_2CC
999 _c164646
_d164646